Top 50 NBA players 25-26 - Statistics

General Stats
  • This quiz has been taken 67 times
  • The average score is 33 of 50
Answer Stats
Hint Answer % Correct
1 Nikola Jokic
100%
2 Shai Gilgeous-Alexander
100%
10 Lebron James
96%
3 Luka Doncic
95%
6 Stephen Curry
93%
5 Victor Wembanyama
93%
4 Giannis Antetokounmpo
88%
17 Jaylen Brown
88%
7 Anthony Edwards
86%
9 Kevin durant
84%
13 Cade Cunningham
82%
27 James Harden
82%
8 Jalen Brunson
80%
26 Joel Embiid
77%
15 Kawhi Leonard
75%
12 Anthony Davis
73%
19 Karl Anthony-Towns
73%
21 Tyrese Maxey
71%
25 Trae Young
71%
16 Devin Booker
70%
35 Amen Thompson
68%
24 Chet Holmgren
66%
14 Jalen Williams
66%
32 Ja Morant
66%
30 Bam Adebayo
64%
48 Draymond Green
64%
39 Jamal Murray
64%
22 Jimmy Butler
64%
28 Pascal Siakam
64%
29 Alperen Sengun
63%
31 De'Aaron Fox
63%
38 Zion Williamson
61%
18 Paolo Banchero
61%
33 Franz Wagner
59%
46 Scottie Barnes
59%
23 Evan Mobley
55%
41 Lauri Markkanen
55%
43 Paul George
52%
50 Rudy Gobert
52%
36 Darius Garland
50%
34 Derrick White
50%
42 Domantas Sabonis
50%
20 Jaren Jackson Jr.
50%
37 Jalen Johnson
48%
44 Julius Randle
48%
49 Aaron Gordon
38%
40 OG Anunoby
34%
45 Desmond Bane
32%
47 Ivica Zubac
23%
11 Donavan Mitchell
7%
No matching quizzes found
Score Distribution
Percent of People with Each Score
Percentile by Number Answered
Your Score History
You have not taken this quiz